| 000 | 00767nam a2200241Ia 4500 | ||
|---|---|---|---|
| 003 | GCL | ||
| 008 | 140319s9999 xx 000 0 ara d | ||
| 040 |
_aGCL / _cGCL |
||
| 082 | 0 | 4 |
_a728.82 _bم ق |
| 100 | 1 | _aمحمد عبدالعزيز مرزوق | |
| 245 | 1 | 0 |
_aقصر الحمراء / _cمحمد عبدالعزيز مرزوق |
| 260 |
_a[S.N] : _bوزارة الثقافة والارشاد القومى ، _c1963 |
||
| 300 | _a111 ص | ||
| 490 | _a | ||
| 650 | 0 | 4 | _aتاريخ |
| 650 | 0 | 4 | _aالمبانى التاريخية |
| 650 | 0 | 4 | _aغرناطة |
| 650 | 0 | 4 | _aالقصور الاسلامية |
| 650 | 0 | 4 | _aاسبانيا |
| 650 | 0 | 4 | _aقصر الحمراء |
| 650 | 0 | 4 | _aالعمارة الاسلامية فى الاندلس |
| 942 |
_2ddc _cBK |
||
| 999 |
_c36445 _d36445 |
||